000 00318nam a2200145Ia 4500
999 _c43
_d43
003 NUST
005 20171228125426.0
008 161124s9999 xx 000 0 und d
020 _a9698535047
024 _c0
040 _c0
082 _a015.549107 WAS
100 _a Shahzad,Wasima
_97829
245 _aSynopsis & Thesis Manual:
_cWasima Shahzad
_bScientist as a Communicator and Presenter (Series)
260 _aRawalpindi
_bNUST
_c2002.
300 _a57p.
500 _aP.B
942 _cBK
_2ddc
_kIESE